Arquitectura romana

Gorde:
Xehetasun bibliografikoak
Egile nagusia: Ward-Perkins, John Bryan (Egilea)
Formatua: Liburua
Hizkuntza:gaztelania
Argitaratua: Madrid Aguilar 1976
Saila:Historia universal de la arquitectura
Gaiak:
Etiketak: Etiketa erantsi
Etiketarik gabe, Izan zaitez lehena erregistro honi etiketa jartzen!

MARC

LEADER 00000nam a2200000 a 4500
001 UCY4745
003 CL-VaPUC
008 950328e19760000SP |||||||||||||||||spa|d
082 0 4 |a 722.7  |b WAR  |2 21 
100 0 |a Ward-Perkins, John Bryan  |e author  |9 333227 
245 1 0 |a Arquitectura romana 
300 |a 364 p 
942 |c BK 
945 |d 19950328 00:00:00  |a mfernand 
260 |a Madrid  |b Aguilar  |c 1976 
650 0 |a Arquitectura romana  |9 314422 
583 |a last modification  |c 19950328 00:00:00  |k Rodrigo Vera 
490 0 |a Historia universal de la arquitectura 
999 |c 232514  |d 232512 
952 |0 0  |1 0  |4 0  |6 722_700000000000000_WAR_1976  |7 0  |8 F  |9 237170  |a BIBARQ  |b BIBARQ  |d 2019-11-15  |i 3071952  |o 722.7 WAR 1976  |p 3071952  |r 2025-01-20  |w 2019-11-15  |y BK_F  |k ARQ